Elektrické pohony a výkonová elektronika : Zborník prednášok z 8.celoštát.konf.so zahr.účasťou : Obs. I.diel.:, 194 s.. II.diel.:, 171 s
Saved in:
| Format: | Book |
|---|---|
| Language: | Slovak |
| Published: |
Košice :
Dom techniky ČSVTS,
1988
|
| Edition: | 1.vyd. |
| Subjects: | |
| Tags: |
No Tags, Be the first to tag this record!
|
MARC
| LEADER | 00000nam a22000003a 4500 | ||
|---|---|---|---|
| 001 | stu5921 | ||
| 005 | 20150408182014.1 | ||
| 008 | 940516s1988----cs------------------slo-d | ||
| 040 | |a STU |b slo | ||
| 041 | 0 | |a slo | |
| 044 | |a cs | ||
| 080 | |a 621.313.07 | ||
| 080 | |a 62-83 |7 stu_us_auth*stu6971 | ||
| 080 | |a 681.513.3 | ||
| 080 | |a 061.3(08) | ||
| 245 | |a Elektrické pohony a výkonová elektronika : |b Zborník prednášok z 8.celoštát.konf.so zahr.účasťou : Obs. I.diel.:, 194 s.. II.diel.:, 171 s | ||
| 250 | |a 1.vyd. | ||
| 260 | |a Košice : |b Dom techniky ČSVTS, |c 1988 | ||
| 300 | |a 2.diely | ||
| 650 | 7 | |a Pohony elektrické |2 stusub | |
| 650 | 7 | |a Elektronika výkonová |2 stusub | |
| 996 | |b 284M015949 |c M*Z-96 |l MMKN |s A |a 24 |w stu5921_0002 | ||